Las crónicas de Narnia : (Registro nro. 11132)
[ vista simple ]
| 000 -LIDER | |
|---|---|
| fixed length control field | 00878nam a22002897a 4500 |
| 001 - NÚMERO DE CONTROL | |
| Identificador de número de control | |
| 003 - IDENTIFICACDOR DE NÚMERO DE CONTROL | |
| control field | DO-SdBNP |
| 005 - DATE AND TIME OF LATEST TRANSACTION | |
| control field | 20211118125711.0 |
| 007 - CAMPOS FIJOS DE DESCRIPCIÓN FÍSICA | |
| fixed length control field | |
| 008 - ELEMENTOS DE LONGITUD FIJA | |
| fixed length control field | 160809b 2005 mx ||| 00| 0 spa d |
| 020 ## - ISBN | |
| International Standard Book Number | 9789703704323 |
| 040 ## - FUENTE DE CATALOGACIÓN | |
| Agencia que crea de manera original el registro | BPMSU |
| Idioma de catalogación | spa |
| Agencia que realiza la transcripción | BPMSU |
| 082 ## - NÚMERO DE CLASIFICACIÓN DECIMAL DE DEWEY | |
| Classification number | 891.623 |
| Item number | L673c 2005 |
| Edition number | 22 |
| 100 1# - ASIENTO PRINCIPAL -- NOMBRE PERSONAL | |
| Nombre personal | Lewis, Clive Staples, |
| Fechas asociadas con el nombre | 1898-1963. |
| 245 14 - MENCIÓN DE TITULO | |
| Título | Las crónicas de Narnia : |
| Subtítulo | La última batalla / |
| Mención de responsabilidad | C. S. Lewis ; traducción de Gemma Gallart ; ilustraciones de Pauline Baynes. |
| 246 12 - VARIACION DEL TÍTULO | |
| Título propiamente dicho o título corto | La última batalla |
| 260 ## - PUBLICACIÓN, DISTRIBUCIÓN, ETC. (PIE DE IMPRENTA) | |
| Lugar de publicación, distribución, etc | México : |
| Nombre del editor, distribuidor, etc. | Destino, |
| Fecha de publicación, distribución, etc | 2005. |
| Fecha de impresión | |
| 300 ## - DESCRIPCIÓN FÍSICA | |
| Extensión | v. ; |
| Dimensiones | 22 cm. |
| Otros detalles físicos | |
| 490 0# - MENCIÓN DE SERIES | |
| Mención de serie | Las crónicas de Narnia |
| Volume/sequential designation | 7 |
| 590 ## - NOTA LOCAL | |
| Enlace | Inventariado, 2021/VM |
| 650 #4 - ENCABEZAMIENTO DE MATERIA--TEMÁTICO | |
| Término temático o nombre geográfico como elemento de entrada | Novela juvenil irlandesa. |
| 700 1# - ASIENTO SECUNDARIO -- NOMBRE PERSONAL | |
| Nombre personal | Gallart, Gemma, |
| Mención de responsabilidad | tr. |
| 700 1# - ASIENTO SECUNDARIO -- NOMBRE PERSONAL | |
| Nombre personal | Baynes, Pauline, |
| Mención de responsabilidad | il. |
| 740 ## - ASIENTO SECUNDARIO DE TÍTULOS RELACIONADOS O ANALÍTICOS NO CONTROLADOS | |
| Título analítico o relacionado no controlado | la última batalla |
| 910 ## - VALIDACIÓN | |
| Validación | VMateo V. |
| 942 ## - ADDED ENTRY ELEMENTS (KOHA) | |
| Source of classification or shelving scheme | Dewey Decimal Classification |
| Koha item type | Libros |
| Withdrawn status | Lost status | Source of classification or shelving scheme | Damaged status | Not for loan | Collection code | Home library | Current library | Date acquired | Source of acquisition | Total Checkouts | Full call number | Barcode | Date last seen | Copy number | Price effective from | Koha item type |
|---|---|---|---|---|---|---|---|---|---|---|---|---|---|---|---|---|
| Dewey Decimal Classification | Colección General | Biblioteca Pública Metropolitana Salomé Ureña | Biblioteca Pública Metropolitana Salomé Ureña | 08/09/2016 | FUNDI | BPMSU CJG 891.623 L673c 2005 | BPMSU16080128 | 08/09/2016 | v.7 | 08/09/2016 | Libros | |||||
| Dewey Decimal Classification | Colección General | Biblioteca Pública Metropolitana Salomé Ureña | Biblioteca Pública Metropolitana Salomé Ureña | 01/31/2018 | FUNDI | BPMSU CJG 891.623 L673c 2005 | BPMSU18010092 | 01/31/2018 | v.7, e.2 | 01/31/2018 | Libros | |||||
| Dewey Decimal Classification | Colección General | Biblioteca Pública Metropolitana Salomé Ureña | Biblioteca Pública Metropolitana Salomé Ureña | 01/31/2018 | Donación | BPMSU CJG 891.623 L673c 2005 | BPMSU18010093 | 01/31/2018 | v.7, e.3 | 01/31/2018 | Libros |